Prehistoria de Chile

Zapisane w:
Opis bibliograficzny
1. autor: Mostny, Grete (autora)
Format: Książka
Język:hiszpański
Wydane: Santiago Universitaria 2006
Wydanie:16a. ed
Hasła przedmiotowe:
Etykiety: Dodaj etykietę
Nie ma etykietki, Dołącz pierwszą etykiete!

MARC

LEADER 00000cam a2200000 a 4500
001 UCG9571
003 CL-VaPUC
008 120323e20061100CL |||||||||||||||||spa|d
020 |a 9561118998 
082 0 4 |a 983.01  |b MOS  |2 21 
100 |a Mostny, Grete  |e autora  |9 494000 
245 1 0 |a Prehistoria de Chile 
250 |a 16a. ed 
300 |a 184 p 
942 |c BK 
945 |d 20120323 00:00:00  |a dcastane 
260 |a Santiago  |b Universitaria  |c 2006 
650 0 |a Historia de Chile  |9 265473 
650 0 |a Prehistoria  |9 316557 
650 0 |a Culturas indígenas  |9 266389 
583 |a last modification  |c 20120323 11:52:00  |k Rodrigo Vera 
999 |c 347118  |d 347116